[Event "Edmonton CC-ch"]
[Site "Edmonton CAN"]
[Date "2020.03.01"]
[Round "4.4"]
[White "Sequillion, Aaron"]
[Black "Villavieja, Butch"]
[Result "1-0"]
[WhiteElo "2191"]
[BlackElo "2125"]
[PlyCount "83"]
[EventDate "2020.01.09"]
[EventType "k.o."]
[EventRounds "4"]
[EventCountry "CAN"]

1. e4 c5 2. d4 cxd4 3. c3 dxc3 4. Nxc3 Nc6 5. Bc4 g6 6. Nf3 Bg7 7. e5 Nxe5 8.
Nxe5 Bxe5 9. Bxf7+ Kxf7 10. Qd5+ Kg7 11. Qxe5+ Nf6 12. O-O d6 13. Qe3 h6 14.
Re1 e5 15. h3 Qb6 16. Qg3 Bf5 17. Be3 Qd8 18. Rad1 Qe7 19. f4 e4 20. Bd4 Kh7
21. Nd5 Nxd5 22. Bxh8 Rxh8 23. Rxd5 Rc8 24. Qe3 h5 25. Qxa7 Rc2 26. Qd4 Qh4 27.
Qe3 Rxb2 28. Rxd6 Rxa2 29. Rc1 Kh6 30. Rd2 Ra8 31. Rb2 Qe7 32. Rbc2 Rd8 33. Rc7
Qh4 34. Rxb7 Rh8 35. Qd4 Qxf4 36. Qxh8+ Kg5 37. Qd8+ Kh6 38. Qc7 Qe3+ 39. Kh1
Bxh3 40. gxh3 Qxh3+ 41. Qh2 Qf3+ 42. Qg2 1-0

[Event "Edmonton CC-ch"]
[Site "Edmonton CAN"]
[Date "2020.03.01"]
[Round "4.5"]
[White "Sequillion, Aaron"]
[Black "Villavieja, Butch"]
[Result "1-0"]
[WhiteElo "2191"]
[BlackElo "2125"]
[PlyCount "67"]
[EventDate "2020.01.09"]
[EventType "k.o."]
[EventRounds "4"]
[EventCountry "CAN"]

1. e4 c5 2. d4 cxd4 3. c3 d3 4. Bxd3 d6 5. c4 Nf6 6. Nc3 g6 7. Nge2 Nc6 8. b3
Bg7 9. Bb2 O-O 10. h3 a6 11. O-O Rb8 12. Nd5 Ne5 13. Nd4 Nxd3 14. Qxd3 Bd7 15.
Rac1 Re8 16. Rfe1 Nh5 17. g4 Nf6 18. f4 e5 19. fxe5 dxe5 20. Nf3 Nxd5 21. cxd5
h5 22. gxh5 Bxh3 23. hxg6 fxg6 24. Qe3 Bg4 25. Rc2 Bh5 26. Rg2 Qd6 27. Ng5 Rf8
28. Qg3 Rf4 29. Bc1 Rg4 30. Qh3 Rxg2+ 31. Kxg2 Re8 32. Rf1 Qc5 33. Qe3 Bh6 34.
Qxc5 1-0

[Event "Edmonton CC-ch"]
[Site "Edmonton CAN"]
[Date "2020.03.01"]
[Round "4.6"]
[White "Villavieja, Butch"]
[Black "Sequillion, Aaron"]
[Result "1-0"]
[WhiteElo "2125"]
[BlackElo "2191"]
[PlyCount "85"]
[EventDate "2020.01.09"]
[EventType "k.o."]
[EventRounds "4"]
[EventCountry "CAN"]

1. e4 c5 2. Nf3 d6 3. d4 cxd4 4. Nxd4 Nf6 5. Nc3 a6 6. f3 e5 7. Nb3 Be6 8. Bg5
Be7 9. Qd2 h6 10. Be3 O-O 11. O-O-O b5 12. g4 Nbd7 13. h4 b4 14. Nd5 Bxd5 15.
exd5 a5 16. Kb1 a4 17. Nc1 Nb6 18. Bxb6 Qxb6 19. g5 Nh5 20. gxh6 g6 21. Bd3 a3
22. bxa3 Rxa3 23. Rdg1 Kh7 24. Rg4 Qa5 25. Rh2 Ra8 26. Bc4 Qc5 27. Bb3 Bf8 28.
Qxb4 Bxh6 29. Qxc5 dxc5 30. Rc4 R3a5 31. Nd3 Bf4 32. Re2 Ng3 33. Nxf4 exf4 34.
Re7 R8a7 35. d6 Nf5 36. d7 Nxe7 37. d8=Q Nc6 38. Qf6 Nb4 39. a4 Nd5 40. Qe5 Rd7
41. h5 Ra6 42. Rxc5 Re6 43. hxg6+ 1-0

[Event "Edmonton CC-ch"]
[Site "Edmonton CAN"]
[Date "2020.03.02"]
[Round "4.7"]
[White "Villavieja, Butch"]
[Black "Sequillion, Aaron"]
[Result "1/2-1/2"]
[WhiteElo "2125"]
[BlackElo "2191"]
[PlyCount "132"]
[EventDate "2020.01.09"]
[EventType "k.o."]
[EventRounds "4"]
[EventCountry "CAN"]

1. e4 c5 2. Nc3 a6 3. Nf3 b5 4. d4 cxd4 5. Nxd4 Bb7 6. Bd3 g6 7. Be3 Bg7 8. O-O
Nc6 9. Nb3 Ne5 10. Nc5 Bc6 11. f4 Nxd3 12. Qxd3 d6 13. Nb3 Nf6 14. Nd5 Nxd5 15.
exd5 Bd7 16. c3 O-O 17. Bd4 Rc8 18. Rae1 Re8 19. Bxg7 Kxg7 20. Kh1 Rc4 21. Nd2
Bf5 22. Qe3 Rc5 23. Qd4+ Kg8 24. Nb3 Rc4 25. Qa7 Ra4 26. Nd4 Qd7 27. Qxd7 Bxd7
28. a3 e5 29. fxe5 dxe5 30. Nb3 Rc4 31. Rf6 Bc8 32. Rd6 Kg7 33. Na5 Rf4 34. Nc6
Rf2 35. Kg1 Rxb2 36. Rxe5 Rxe5 37. Nxe5 Rc2 38. Rc6 Bb7 39. Rc5 Bxd5 40. Rxd5
Rxc3 41. Rd3 Rc5 42. Nf3 a5 43. Kf2 b4 44. axb4 axb4 45. Rb3 Rc2+ 46. Kg3 Rc4
47. Rd3 h5 48. Rd7 Kf6 49. Rxf7+ Kxf7 50. Ne5+ Ke6 51. Nxc4 Kd5 52. Nd2 Kd4 53.
Kf2 Kd3 54. Ke1 g5 55. Kd1 Ke3 56. Ke1 h4 57. h3 Kd3 58. Kd1 Ke3 59. Nf3 Kf4
60. Ke2 g4 61. hxg4 Kxg4 62. Kf2 b3 63. Ne5+ Kf4 64. Nd3+ Kg4 65. Nb2 h3 66.
gxh3+ Kxh3 1/2-1/2

[Event "Edmonton CC-ch"]
[Site "Edmonton CAN"]
[Date "2020.03.02"]
[Round "4.8"]
[White "Sequillion, Aaron"]
[Black "Villavieja, Butch"]
[Result "0-1"]
[WhiteElo "2191"]
[BlackElo "2125"]
[PlyCount "56"]
[EventDate "2020.01.09"]
[EventType "k.o."]
[EventRounds "4"]
[EventCountry "CAN"]

1. e4 c5 2. d4 cxd4 3. c3 dxc3 4. Nxc3 Nc6 5. Nf3 g6 6. Bc4 Bg7 7. e5 Nxe5 8.
Nxe5 Bxe5 9. Bxf7+ Kxf7 10. Qd5+ Kg7 11. Qxe5+ Nf6 12. O-O d6 13. Qg5 Rf8 14.
Qh4 Kg8 15. Bg5 Bf5 16. Rfe1 Rf7 17. Re3 Qd7 18. Rae1 Raf8 19. Bxf6 exf6 20.
Nd5 Qb5 21. Ne7+ Kg7 22. g4 Bd7 23. Rh3 h5 24. gxh5 Bxh3 25. hxg6 Rh8 26. Qg3
Rff8 27. Nd5 Re8 28. Rxe8 Qf1# 0-1

[Event "Hart House Reading Week op U1900"]
[Site "Toronto CAN"]
[Date "2020.02.15"]
[Round "1"]
[White "Armstrong, Robert J"]
[Black "Liao, Joseph"]
[Result "1-0"]
[WhiteElo "1538"]
[BlackElo "1716"]
[PlyCount "43"]
[EventDate "2020.02.15"]
[EventType "swiss"]
[EventRounds "6"]
[EventCountry "CAN"]

1. d4 Nf6 2. c4 e6 3. Nf3 Bb4+ 4. Bd2 Qe7 5. a3 Bxd2+ 6. Qxd2 b6 7. Nc3 Bb7 8.
Qc2 d6 9. e4 e5 10. Nd5 Nxd5 11. cxd5 exd4 12. Bb5+ Nd7 13. O-O O-O-O 14. b4 f5
15. Rfc1 Nf6 16. Nxd4 fxe4 17. Nc6 Qf7 18. Nxa7+ Kb8 19. Nc6+ Bxc6 20. Bxc6 b5
21. a4 Nxd5 22. Bxd5 1-0

[Event "Hart House Reading Week op U1900"]
[Site "Toronto CAN"]
[Date "2020.02.15"]
[Round "1"]
[White "Cohen, David"]
[Black "Wang, Eric"]
[Result "0-1"]
[WhiteElo "1682"]
[BlackElo "1490"]
[PlyCount "90"]
[EventDate "2020.02.15"]
[EventType "swiss"]
[EventRounds "6"]
[EventCountry "CAN"]

1. d4 d5 2. c4 e6 3. Nc3 Nf6 4. Bg5 Be7 5. Nf3 Nbd7 6. e3 h6 7. Bh4 O-O 8. Bd3
b6 9. O-O Bb7 10. Rc1 Rc8 11. Re1 c5 12. cxd5 exd5 13. Qe2 Ne4 14. Bxe7 Qxe7
15. Ba6 Ndf6 16. Bxb7 Qxb7 17. Ne5 Nd7 18. Nxd7 Qxd7 19. dxc5 Nxc3 20. Rxc3
bxc5 21. h3 Rc7 22. Rd1 Rd8 23. Rcd3 Qe6 24. Qd2 Rcd7 25. Qa5 Qb6 26. Qxb6 axb6
27. a4 Kf8 28. Kf1 Ke7 29. Ke2 Ke6 30. Rb3 Rd6 31. Rb5 Ra8 32. b3 Ra5 33. Rxa5
bxa5 34. Rc1 Rc6 35. Kd3 Kd6 36. e4 Rb6 37. Rc3 d4 38. Rc2 Rxb3+ 39. Kd2 Rb4
40. Ra2 Ke5 41. f3 c4 42. g3 Rb3 43. Ke2 h5 44. h4 f6 45. Kf2 c3 0-1

[Event "Hart House Reading Week op U1900"]
[Site "Toronto CAN"]
[Date "2020.02.15"]
[Round "2"]
[White "Li, Ruibin"]
[Black "Armstrong, Robert J"]
[Result "1-0"]
[WhiteElo "1701"]
[BlackElo "1538"]
[PlyCount "29"]
[EventDate "2020.02.15"]
[EventType "swiss"]
[EventRounds "6"]
[EventCountry "CAN"]

1. d4 g6 2. Nf3 Bg7 3. e4 c5 4. c4 Qb6 5. Nc3 Nc6 6. Nd5 Qd8 7. Bf4 d6 8. dxc5
e5 9. Bg5 f6 10. cxd6 Kf7 11. Nc7 Rb8 12. Qd5+ Kf8 13. Be3 Bd7 14. c5 Rc8 15.
Bc4 1-0

[Event "Hart House Reading Week op U1900"]
[Site "Toronto CAN"]
[Date "2020.02.16"]
[Round "3"]
[White "Armstrong, Robert J"]
[Black "Iriarte, Boris"]
[Result "1-0"]
[WhiteElo "1538"]
[BlackElo "1720"]
[PlyCount "63"]
[EventDate "2020.02.15"]
[EventType "swiss"]
[EventRounds "6"]
[EventCountry "CAN"]

1. d4 g6 2. c4 Bg7 3. Nc3 Nf6 4. e4 d6 5. f3 O-O 6. Be3 Nbd7 7. Nge2 c5 8. d5
Re8 9. g4 Ne5 10. Ng3 h6 11. Be2 a6 12. h4 Nh7 13. Qd2 e6 14. Bxh6 Qf6 15.
O-O-O Bxh6 16. Qxh6 Qg7 17. Qe3 b6 18. g5 Bb7 19. f4 Nd7 20. h5 exd5 21. Nxd5
Bxd5 22. Rxd5 Qf8 23. hxg6 fxg6 24. Rh6 Re6 25. f5 Re5 26. Rxg6+ Kh8 27. Rdxd6
Qe7 28. Kb1 Re8 29. Rde6 Qd8 30. Qc3 Nxg5 31. Rxg5 R8xe6 32. Rh5+ 1-0

[Event "Hart House Reading Week op U1900"]
[Site "Toronto CAN"]
[Date "2020.02.16"]
[Round "3"]
[White "Zarezadegan, Fariborz"]
[Black "Cohen, David"]
[Result "1/2-1/2"]
[WhiteElo "1469"]
[BlackElo "1682"]
[PlyCount "74"]
[EventDate "2020.02.15"]
[EventType "swiss"]
[EventRounds "6"]
[EventCountry "CAN"]

1. e4 c5 2. Nc3 d6 3. f4 Nc6 4. Bb5 Bd7 5. Nf3 g6 6. d3 Bg7 7. O-O Nf6 8. Qe1
O-O 9. Bxc6 Bxc6 10. f5 b5 11. Qh4 b4 12. Ne2 Re8 13. fxg6 hxg6 14. Ng5 Qd7 15.
Rxf6 exf6 16. Qh7+ Kf8 17. Nf3 Qg4 18. Ng3 a5 19. Bd2 d5 20. e5 fxe5 21. Ng5
Ra7 22. Rf1 Qd4+ 23. Kh1 Qxb2 24. Qxg6 Ree7 25. Ne6+ Rxe6 26. Qxe6 Be8 27. Qd6+
Kg8 28. Qd8 Kf8 29. Qxd5 Qd4 30. Qf3 Qd7 31. Nf5 Qc6 32. Qg3 Qg6 33. Qe3 Rc7
34. Rf3 Bf6 35. Nh6 Bg7 36. Nf5 Bf6 37. Nh6 Bg7 1/2-1/2

[Event "Hart House Reading Week op U1900"]
[Site "Toronto CAN"]
[Date "2020.02.16"]
[Round "4"]
[White "Ozkazanc, Alisan"]
[Black "Armstrong, Robert J"]
[Result "1-0"]
[WhiteElo "1762"]
[BlackElo "1538"]
[PlyCount "85"]
[EventDate "2020.02.15"]
[EventType "swiss"]
[EventRounds "6"]
[EventCountry "CAN"]

1. c4 g6 2. Nc3 Bg7 3. g3 Nf6 4. Bg2 O-O 5. Nf3 Nc6 6. O-O e5 7. d3 Re8 8. Bd2
a6 9. Rb1 Nd4 10. e3 Nxf3+ 11. Bxf3 d6 12. Bg2 c6 13. e4 Be6 14. h3 Qd7 15. Kh2
Rad8 16. f4 exf4 17. gxf4 Qe7 18. Qf3 Nh5 19. Rbe1 Bc8 20. Be3 Rf8 21. d4 Bf6
22. d5 Bh4 23. Bf2 Bxf2 24. Qxf2 f5 25. e5 c5 26. Qe3 dxe5 27. fxe5 f4 28. Qf3
Ng3 29. Rf2 Qh4 30. e6 Rde8 31. Ne4 Nxe4 32. Rxe4 g5 33. Rfe2 g4 34. Qd3 h5 35.
Re5 Rf6 36. Rd2 f3 37. Bf1 g3+ 38. Kg1 g2 39. Bxg2 fxg2 40. Rxg2+ Kh8 41. Qd1
Rh6 42. Qe2 Qxh3 43. Reg5 1-0

[Event "Hart House Reading Week op U1900"]
[Site "Toronto CAN"]
[Date "2020.02.17"]
[Round "5"]
[White "Armstrong, Robert J"]
[Black "Zhu, Ricky"]
[Result "1-0"]
[WhiteElo "1538"]
[BlackElo "1745"]
[PlyCount "62"]
[EventDate "2020.02.15"]
[EventType "swiss"]
[EventRounds "6"]
[EventCountry "CAN"]

1. d4 Nf6 2. c4 g6 3. Nc3 Bg7 4. e4 d6 5. f3 a6 6. Be3 O-O 7. Nge2 Nc6 8. g4
Rb8 9. Ng3 Re8 10. h4 e6 11. Qd2 d5 12. c5 dxe4 13. g5 Nd5 14. Nxd5 exd5 15. f4
Bg4 16. h5 Bf3 17. Rh2 Qd7 18. hxg6 hxg6 19. Bh3 Bg4 20. Bxg4 Qxg4 21. Qf2 Nxd4
22. Bxd4 Bxd4 23. Qxd4 Qxg3+ 24. Qf2 Qxf2+ 25. Kxf2 Rbd8 26. Rah1 Kf8 27. Rh8+
Ke7 28. R8h7 Ke6 29. R1h6 Re7 30. Kg3 Kf5 31. Rg7 Rdd7 1-0

[Event "Hart House Reading Week op U1900"]
[Site "Toronto CAN"]
[Date "2020.02.17"]
[Round "5"]
[White "Cohen, David"]
[Black "Gao, William Zhimao"]
[Result "1-0"]
[WhiteElo "1682"]
[BlackElo "1448"]
[PlyCount "81"]
[EventDate "2020.02.15"]
[EventType "swiss"]
[EventRounds "6"]
[EventCountry "CAN"]

1. d4 Nf6 2. c4 e6 3. Nc3 Bb4 4. e3 b6 5. Bd3 Bb7 6. Nf3 O-O 7. O-O d6 8. Re1
Bxc3 9. bxc3 Ne4 10. Qc2 f5 11. Nd2 Nxd2 12. Bxd2 Nd7 13. e4 f4 14. e5 Qh4 15.
Be4 d5 16. cxd5 f3 17. Qd3 Bxd5 18. Bxd5 exd5 19. gxf3 Qh3 20. Qf1 Qxf3 21. Qg2
Qf5 22. Qxd5+ Kh8 23. Qg2 Rae8 24. Re3 c5 25. Rae1 Re6 26. Rg3 Rf7 27. f4 Rfe7
28. d5 Rg6 29. Rxg6 hxg6 30. c4 Kg8 31. Qg3 Qc2 32. Qc3 Qf5 33. a4 a6 34. Bc1
g5 35. e6 Nf6 36. fxg5 Ne4 37. Qe3 Qg4+ 38. Kh1 Nd6 39. Qf4 Qxf4 40. Bxf4 Nxc4
41. d6 1-0

[Event "Hart House Reading Week op U1900"]
[Site "Toronto CAN"]
[Date "2020.02.17"]
[Round "6"]
[White "Nguyen, Thuan"]
[Black "Armstrong, Robert J"]
[Result "0-1"]
[WhiteElo "1797"]
[BlackElo "1538"]
[PlyCount "28"]
[EventDate "2020.02.15"]
[EventType "swiss"]
[EventRounds "6"]
[EventCountry "CAN"]

1. e4 g6 2. d4 Bg7 3. Nf3 c5 4. Be3 Qb6 5. b3 Nc6 6. c3 cxd4 7. Bxd4 Nxd4 8.
Nxd4 a6 9. Na3 Qa5 10. Nb1 b5 11. Qd2 Bb7 12. f3 Rc8 13. Be2 Qb6 14. Qd3 b4 0-1

[Event "Jack Taylor mem Online"]
[Site "chess.com"]
[Date "2020.10.24"]
[Round "1.1"]
[White "Cronin, Kent"]
[Black "Lehingrat, Callum"]
[Result "0-1"]
[WhiteElo "1451"]
[BlackElo "1913"]
[PlyCount "142"]
[EventDate "2020.10.24"]
[EventType "swiss (rapid)"]
[EventRounds "6"]
[EventCountry "CAN"]

1. e4 c5 2. Nf3 d6 3. Bb5+ Nd7 4. c3 a6 5. Bxd7+ Bxd7 6. d4 cxd4 7. cxd4 Bc6 8.
Nc3 Nf6 9. Qe2 g6 10. O-O Bg7 11. Bg5 Qa5 12. Rab1 b5 13. b4 Qc7 14. Rbc1 Qb7
15. Rfe1 O-O 16. d5 Bd7 17. e5 dxe5 18. Nxe5 h6 19. Bh4 g5 20. Bg3 Bf5 21. Qf3
Bg6 22. Nc6 Rfe8 23. d6 exd6 24. Ne7+ Rxe7 25. Rxe7 Qc8 26. Ne2 Qd8 27. Bxd6
Bf8 28. Qxf6 Bxe7 29. Qxe7 Qxe7 30. Bxe7 Re8 31. Rc7 Bd3 32. Nd4 f6 33. h3 Kf7
34. Nc6 Be4 35. Bc5+ Kg6 36. Re7 Bxc6 37. Ra7 Ra8 38. Re7 a5 39. a3 Bd5 40. f3
a4 41. Kf2 Rd8 42. Kg3 Bc4 43. Rb7 Rd3 44. Rb6 Kf7 45. Rb7+ Kg6 46. Rb6 Rxa3
47. Be7 Ra2 48. Rxf6+ Kg7 49. Rf5 Bf1 50. f4 gxf4+ 51. Rxf4 Bxg2 52. h4 Bd5 53.
h5 a3 54. Bf6+ Kh7 55. Rf2 Rxf2 56. Kxf2 Bf7 57. Ke3 Bxh5 58. Kd4 Bf7 59. Ke5
Kg6 60. Bh8 a2 61. Kf4 Bc4 62. Kg4 h5+ 63. Kh4 Kf5 64. Kxh5 Ke4 65. Kg4 Kd3 66.
Kf3 Kc2 67. Ke3 Kb1 68. Kd2 a1=Q 69. Bxa1 Kxa1 70. Kc2 Ka2 71. Kc3 Ka3 0-1

[Event "Jack Taylor mem Online"]
[Site "chess.com"]
[Date "2020.10.24"]
[Round "1.2"]
[White "Haines, Duncan"]
[Black "Escandor, Manuel Omana"]
[Result "0-1"]
[WhiteElo "1875"]
[BlackElo "1450"]
[PlyCount "20"]
[EventDate "2020.10.24"]
[EventType "swiss (rapid)"]
[EventRounds "6"]
[EventCountry "CAN"]

1. d4 d5 2. c4 dxc4 3. Nf3 Nf6 4. e3 Bg4 5. Bxc4 Nc6 6. Qb3 e6 7. Qxb7 Bxf3 8.
gxf3 Na5 9. Bb5+ Nd7 10. Nc3 Nxb7 0-1

[Event "Jack Taylor mem Online"]
[Site "chess.com"]
[Date "2020.10.24"]
[Round "1.3"]
[White "Deimert, Elroy"]
[Black "Pitre, Hanniegn"]
[Result "0-1"]
[WhiteElo "1384"]
[BlackElo "1864"]
[PlyCount "114"]
[EventDate "2020.10.24"]
[EventType "swiss (rapid)"]
[EventRounds "6"]
[EventCountry "CAN"]

1. e4 d5 2. exd5 Nf6 3. d4 Bg4 4. Nf3 Qxd5 5. Be2 Nc6 6. Nc3 Qh5 7. Bf4 O-O-O
8. O-O Nxd4 9. Nxd4 Bxe2 10. Qxe2 Rxd4 11. Qxh5 Nxh5 12. Bxc7 Rc4 13. Bg3 e6
14. Rac1 Nxg3 15. hxg3 h5 16. Ne2 g5 17. b3 Re4 18. Nc3 Re5 19. Rfe1 Rxe1+ 20.
Rxe1 Bb4 21. Re3 Rd8 22. Ne4 Rd1+ 23. Kh2 Be7 24. Rc3+ Kb8 25. Rd3 Rxd3 26.
cxd3 f5 27. Nd2 b5 28. Nf3 Bf6 29. d4 Kc7 30. Kg1 Kd6 31. Kf1 Kd5 32. Ke2 g4
33. Ne5 Bxe5 34. dxe5 Kxe5 35. Ke3 a5 36. a3 b4 37. a4 Kd5 38. Kd3 e5 39. Ke3
e4 40. Kf4 Kd4 41. Kxf5 Kc3 42. Kg5 Kxb3 43. Kxh5 Kxa4 44. Kxg4 b3 45. Kf4 b2
46. g4 b1=Q 47. g5 Qc1+ 48. Kf5 Qc5+ 49. Kf4 Qxf2+ 50. Kxe4 Qxg2+ 51. Kf5 Kb3
52. g6 a4 53. Kf6 a3 54. g7 a2 55. Kf7 Qd5+ 56. Kf8 a1=Q 57. g8=Q Qaa8+ 0-1

[Event "Jack Taylor mem Online"]
[Site "chess.com"]
[Date "2020.10.24"]
[Round "1.4"]
[White "Caluza, Severo (Juni)"]
[Black "Zhou, Zhengyuan (Frank)"]
[Result "1-0"]
[WhiteElo "1835"]
[BlackElo "1384"]
[PlyCount "75"]
[EventDate "2020.10.24"]
[EventType "swiss (rapid)"]
[EventRounds "6"]
[EventCountry "CAN"]

1. g3 d5 2. Bg2 e6 3. Nf3 Nf6 4. O-O Bd6 5. d3 O-O 6. Nc3 c6 7. e4 Qc7 8. Re1
Bb4 9. Bg5 Be7 10. Qe2 Re8 11. Bxf6 Bxf6 12. exd5 cxd5 13. Nxd5 Qd8 14. Nxf6+
Qxf6 15. Qe5 Nd7 16. Qxf6 Nxf6 17. Ne5 Rb8 18. c4 b5 19. cxb5 Rxb5 20. Bc6 Rxb2
21. Bxe8 Nxe8 22. Reb1 Re2 23. Rb8 Rxe5 24. Rxc8 Kf8 25. Rb1 Ke7 26. Rb7+ Kf6
27. Rxe8 Rd5 28. Ree7 Rxd3 29. Rxf7+ Ke5 30. Rxa7 Ke4 31. Ra4+ Ke5 32. Rxg7 Rd2
33. Rxh7 Rd3 34. Rh5+ Kd6 35. Ra6+ Ke7 36. Rh7+ Kf6 37. Rh6+ Kf7 38. Rhxe6 1-0

[Event "Jack Taylor mem Online"]
[Site "chess.com"]
[Date "2020.10.24"]
[Round "1.5"]
[White "Zhang, Joyce"]
[Black "Fraser, Dylan"]
[Result "1-0"]
[WhiteElo "1383"]
[BlackElo "1825"]
[PlyCount "87"]
[EventDate "2020.10.24"]
[EventType "swiss (rapid)"]
[EventRounds "6"]
[EventCountry "CAN"]

1. e4 d5 2. exd5 Nf6 3. Nf3 Nxd5 4. d4 Bg4 5. Be2 Nc6 6. c4 Nf6 7. Be3 Qd7 8.
Nc3 O-O-O 9. d5 Qf5 10. Qb3 Bxf3 11. Bxf3 Ne5 12. Be2 Nd3+ 13. Bxd3 Qxd3 14.
Rd1 Qg6 15. O-O Ng4 16. Bf4 e5 17. dxe6 Rxd1 18. Rxd1 Bc5 19. Rd2 fxe6 20. h3
e5 21. Bh2 Nxh2 22. Kxh2 Rf8 23. Qb5 Bd6 24. c5 Qg5 25. Rc2 c6 26. Qc4 Bc7 27.
Ne4 Qf5 28. Rd2 Qf4+ 29. Kg1 Qf5 30. a4 h5 31. a5 g5 32. a6 h4 33. axb7+ Kb8
34. Qa4 g4 35. hxg4 Qxg4 36. Qxc6 h3 37. Ng3 Qg5 38. Rd7 h2+ 39. Kxh2 Rh8+ 40.
Kg1 Qc1+ 41. Nf1 Rh1+ 42. Kxh1 Qxf1+ 43. Kh2 e4+ 44. Qxc7# 1-0

[Event "Jack Taylor mem Online"]
[Site "chess.com"]
[Date "2020.10.24"]
[Round "1.6"]
[White "Luu, Tran Nguyen Khoi"]
[Black "Jaspal, Harleen Singh"]
[Result "1-0"]
[WhiteElo "1776"]
[BlackElo "1358"]
[PlyCount "143"]
[EventDate "2020.10.24"]
[EventType "swiss (rapid)"]
[EventRounds "6"]
[EventCountry "CAN"]

1. d4 d5 2. c4 c6 3. cxd5 cxd5 4. Nc3 Nf6 5. Bf4 a6 6. e3 e6 7. Bd3 Bd6 8. Bg3
Nc6 9. Rc1 Qe7 10. Nge2 Bd7 11. O-O h5 12. e4 dxe4 13. Bxe4 h4 14. Bxd6 Qxd6
15. Bc2 Ng4 16. f4 Ne3 17. Qd3 Nxf1 18. Rxf1 Nb4 19. Qd2 Nxc2 20. Qxc2 Bc6 21.
f5 O-O-O 22. fxe6 fxe6 23. Qg6 h3 24. g3 Rhf8 25. Qxg7 Rxf1+ 26. Kxf1 Rf8+ 27.
Ke1 Bg2 28. Nf4 Rxf4 29. gxf4 Qxf4 30. Qe5 Qf1+ 31. Kd2 Qf2+ 32. Ne2 Qf7 33.
Qh8+ Kd7 34. Qe5 Qe7 35. a3 Qh7 36. Nf4 Qh6 37. Kc3 Bc6 38. Qe3 a5 39. b3 b5
40. Qg3 Be4 41. Qe3 Bf5 42. Qe5 b4+ 43. axb4 axb4+ 44. Kxb4 Qh4 45. d5 Qe7+ 46.
Kb5 Qe8 47. dxe6+ Ke7+ 48. Kc4 Bc2 49. Nd5+ Kf8 50. Qf6+ Kg8 51. Ne7+ Kh7 52.
b4 Qa8 53. Qh4+ Kg7 54. Qg5+ Kh7 55. Qh5+ Kg7 56. Qe5+ Kh7 57. Nd5 Qa2+ 58. Kc5
Qa7+ 59. Nb6 Bg6 60. e7 Qb7 61. e8=Q Bxe8 62. Qxe8 Qg2 63. Qf7+ Kh8 64. Qe8+
Kh7 65. Qe7+ Kh8 66. Qe5+ Kh7 67. Nd5 Qc2+ 68. Kd6 Qa4 69. Qh5+ Kg7 70. Qxh3
Kf7 71. Qd7+ Qxd7+ 72. Kxd7 1-0

[Event "Jack Taylor mem Online"]
[Site "chess.com"]
[Date "2020.10.24"]
[Round "1.7"]
[White "Qiu, Peter Yong"]
[Black "He, Matthew"]
[Result "1/2-1/2"]
[WhiteElo "1358"]
[BlackElo "1769"]
[PlyCount "93"]
[EventDate "2020.10.24"]
[EventType "swiss (rapid)"]
[EventRounds "6"]
[EventCountry "CAN"]

1. e4 c6 2. Nf3 d5 3. e5 Bg4 4. d4 e6 5. Be2 Ne7 6. h3 Bf5 7. Bd3 c5 8. c3 Bxd3
9. Qxd3 Nec6 10. a3 Nd7 11. Be3 Qb6 12. b4 c4 13. Qc2 a5 14. Nbd2 axb4 15. Nxc4
Qa6 16. Ncd2 bxa3 17. c4 Nb4 18. Qc3 Be7 19. O-O O-O 20. Rfb1 dxc4 21. Rxb4
Bxb4 22. Qxb4 Nb6 23. Nb1 a2 24. Nc3 Nd5 25. Qb2 Nxc3 26. Qxc3 b5 27. Bc1 Rfc8
28. Ne1 Qa5 29. Qe3 b4 30. Qg3 Kh8 31. Nf3 c3 32. Ng5 Rc7 33. Qh4 h6 34. Ne4
Kg8 35. Bxh6 Kf8 36. Bxg7+ Kxg7 37. Qf6+ Kf8 38. Ng5 Qd5 39. Qh8+ Ke7 40. Qf6+
Kf8 41. Qh8+ Ke7 42. Qf6+ Ke8 43. Nh7 c2 44. Qh8+ Ke7 45. Qf6+ Ke8 46. Qh8+ Ke7
47. Qf6+ 1/2-1/2

[Event "Jack Taylor mem Online"]
[Site "chess.com"]
[Date "2020.10.24"]
[Round "1.8"]
[White "Hughes-Dupuy, Henry"]
[Black "Cerovina, Milan"]
[Result "1-0"]
[WhiteElo "1735"]
[BlackElo "1351"]
[PlyCount "69"]
[EventDate "2020.10.24"]
[EventType "swiss (rapid)"]
[EventRounds "6"]
[EventCountry "CAN"]

1. b3 e5 2. Bb2 Nc6 3. e3 Nf6 4. Nf3 d6 5. c4 Bf5 6. d3 Be7 7. Be2 O-O 8. Nbd2
Nb4 9. e4 Bg6 10. a3 Nc6 11. b4 a6 12. h3 Nd7 13. Nf1 f5 14. Ng3 f4 15. Nf1 Bf6
16. N1h2 Ne7 17. O-O Bf7 18. Qc2 g5 19. Ng4 Be6 20. Nxf6+ Nxf6 21. Nxg5 Qd7 22.
Kh1 h6 23. Nxe6 Qxe6 24. d4 Ng6 25. d5 Qd7 26. Rac1 Rf7 27. c5 Nh4 28. c6 bxc6
29. dxc6 Qc8 30. Bc4 d5 31. exd5 Nxg2 32. Kxg2 Rg7+ 33. Kh2 Kh8 34. Bxe5 f3 35.
Bxf6 1-0

[Event "Jack Taylor mem Online"]
[Site "chess.com"]
[Date "2020.10.24"]
[Round "1.9"]
[White "Ingram, Richard"]
[Black "Jose, Marionito"]
[Result "1/2-1/2"]
[WhiteElo "1347"]
[BlackElo "1677"]
[PlyCount "83"]
[EventDate "2020.10.24"]
[EventType "swiss (rapid)"]
[EventRounds "6"]
[EventCountry "CAN"]

1. e4 c5 2. Nf3 Nc6 3. d4 cxd4 4. Nxd4 g6 5. Nc3 Bg7 6. Be3 d6 7. Qd2 Bd7 8. f3
Rc8 9. Nxc6 Bxc6 10. Bd4 Nf6 11. g4 O-O 12. O-O-O Qa5 13. Kb1 Rfe8 14. h4 h5
15. g5 Nd7 16. Bxg7 Kxg7 17. Bh3 Rcd8 18. Qd4+ Kh7 19. f4 b5 20. Rhf1 b4 21.
Nd5 Bxd5 22. Qxd5 Qxd5 23. Rxd5 Nc5 24. Bg2 e6 25. Rd4 a5 26. Rfd1 Nb7 27. Bf3
Kg7 28. f5 e5 29. f6+ Kf8 30. Rd5 Rc8 31. Rb5 Rc7 32. a3 bxa3 33. bxa3 Rec8 34.
Rd2 Ke8 35. Be2 Rb8 36. Ka2 Rc5 37. a4 Rxb5 38. Bxb5+ Kd8 39. Bc4 Ke8 40. Bb5+
Kd8 41. Bc4 Ke8 42. Bb5+ 1/2-1/2

[Event "Jack Taylor mem Online"]
[Site "chess.com"]
[Date "2020.10.24"]
[Round "1.10"]
[White "Leblanc, Paul"]
[Black "Sullivan, Brian"]
[Result "0-1"]
[WhiteElo "1674"]
[BlackElo "1335"]
[PlyCount "58"]
[EventDate "2020.10.24"]
[EventType "swiss (rapid)"]
[EventRounds "6"]
[EventCountry "CAN"]

1. d4 d5 2. c4 c6 3. Nf3 Nf6 4. Nc3 a6 5. a4 e6 6. Bg5 Nbd7 7. e3 Bd6 8. Bd3
O-O 9. O-O Qc7 10. Rc1 h6 11. Bh4 b6 12. Qe2 Bb7 13. Rc2 Rfe8 14. Rfc1 Qb8 15.
Bg3 e5 16. dxe5 Nxe5 17. Nxe5 Bxe5 18. Bxe5 Qxe5 19. cxd5 cxd5 20. Nd1 Rac8 21.
Rxc8 Bxc8 22. Bxa6 Bxa6 23. Qxa6 d4 24. Qxb6 Ng4 25. g3 dxe3 26. Nxe3 Qe4 27.
Nxg4 Qxg4 28. a5 Qg5 29. Qb5 Qxb5 0-1

[Event "Jack Taylor mem Online"]
[Site "chess.com"]
[Date "2020.10.24"]
[Round "1.18"]
[White "Imoo, Joshua"]
[Black "Jackson, Mateo"]
[Result "1-0"]
[WhiteElo "1537"]
[BlackElo "1140"]
[PlyCount "35"]
[EventDate "2020.10.24"]
[EventType "swiss (rapid)"]
[EventRounds "6"]
[EventCountry "CAN"]

1. e4 c5 2. Nc3 Nc6 3. f4 g6 4. Nf3 Bg7 5. Bb5 d6 6. d3 Bd7 7. Bxc6 Bxc6 8. O-O
Nf6 9. Qe1 O-O 10. Qh4 h6 11. f5 g5 12. Bxg5 hxg5 13. Nxg5 Qb6 14. Rab1 Bh8 15.
Rf3 Kg7 16. Rg3 c4+ 17. Kh1 Qf2 18. Ne6# 1-0